Business Essentials. (Record no. 1719)

MARC details
005 - DATE AND TIME OF LATEST TRANSACTION
control field 20250428141143.0
020 ## - INTERNATIONAL STANDARD BOOK NUMBER
International Standard Book Number 1-292-15224-9
082 ## - DEWEY DECIMAL CLASSIFICATION NUMBER
Classification number 658 EBE
100 ## - MAIN ENTRY--PERSONAL NAME
Author name EBERT, R. J.
245 ## - TITLE STATEMENT
Title Business Essentials.
250 ## - EDITION STATEMENT
Edition statement 11th Ed
260 ## - PUBLICATION, DISTRIBUTION, ETC.
Place of publication, distribution, etc. Pearson,
Name of publisher, distributor, etc. New York,
Date of publication, distribution, etc. 2017.
300 ## - PHYSICAL DESCRIPTION
Extent 692p.: ill.; figure & picture
Other physical details Index
Dimensions 27cm.
700 ## - ADDED ENTRY--PERSONAL NAME
Other authors/Editors GRIFFIN, R. C.
856 ## - ELECTRONIC LOCATION AND ACCESS
Link text Access Online Book
Electronic name Business
Path www.pearsonglobaleditions.com
942 ## - ADDED ENTRY ELEMENTS (KOHA)
Source of classification or shelving scheme Dewey Decimal Classification
Koha item type Books
Holdings
Date last seen Total checkouts Full call number Barcode Cost, replacement price Price effective from Koha item type Lost status Source of classification or shelving scheme Damaged status Not for loan Withdrawn status Home library Current library Shelving location Date acquired Cost, normal purchase price
04/28/2025   658 EBE 0000006535 378600.00 04/28/2025 Books   Dewey Decimal Classification       College of Business Education Main Library College of Business Education Main Library General Collection 04/28/2025 126200.00
04/28/2025   658 EBE 0000006536 378600.00 04/28/2025 Books   Dewey Decimal Classification       College of Business Education Main Library College of Business Education Main Library General Collection 04/28/2025 126200.00
04/28/2025   658 EBE 0000006537 378600.00 04/28/2025 Books   Dewey Decimal Classification       College of Business Education Main Library College of Business Education Main Library General Collection 04/28/2025 126200.00
04/28/2025   658 EBE 0000006538 378600.00 04/28/2025 Books   Dewey Decimal Classification       College of Business Education Main Library College of Business Education Main Library General Collection 04/28/2025 126200.00